The Economics of Taxation : (Record no. 614371)

MARC details
000 -LEADER
fixed length control field 00502nam a2200193 a 4500
008 - FIXED-LENGTH DATA ELEMENTS--GENERAL INFORMATION
fixed length control field 260220s2003##################000#0#eng##
020 ## - INTERNATIONAL STANDARD BOOK NUMBER
ISBN 9780262194860
082 04 - DEWEY DECIMAL CLASSIFICATION NUMBER
Classification number 336.2
Item number SAL
100 1# - MAIN ENTRY--AUTHOR NAME
Personal name Salanié, Bernard,
245 10 - TITLE STATEMENT
Title The Economics of Taxation :
260 ## - PUBLICATION, DISTRIBUTION, ETC. (IMPRINT)
Name of publisher MIT Press,
Year of publication 2003.
300 ## - PHYSICAL DESCRIPTION
Number of Pages 248 pages
650 #0 - SUBJECT ADDED ENTRY--TOPICAL TERM
Topical Term Business & Economics.
942 ## - ADDED ENTRY ELEMENTS (KOHA)
Koha item type English Books

No items available.

Find us on the map